[Event "Titled Tuesday intern op 02nd Apr Early"]
[Site "Chess.com INT"]
[Date "2024.04.02"]
[Round "3"]
[White "Kopczynski, Michal"]
[Black "Rakotomaharo, Fy Antenaina"]
[Result "1/2-1/2"]
[WhiteElo "2225"]
[BlackElo "2448"]
[PlyCount "129"]
[EventDate "2024.04.02"]
[EventType "swiss (blitz)"]
[EventRounds "11"]
[EventCountry "USA"]
[SourceTitle "CB15_2024"]
[SourceDate "2024.04.10"]
[SourceVersion "1"]
[SourceVersionDate "2024.04.10"]
[SourceQuality "1"]

1. e4 e5 2. d4 Nf6 3. dxe5 Nxe4 4. Bd3 d5 5. exd6 Nxd6 6. Nf3 Nc6 7. 0-0 Be7 8. Nc3 0-0 9. h3 Re8 10. Bf4 Bf6 11. Qd2 Be6 12. Rfe1 Nb4 13. Rad1 Nxd3 14. Qxd3 Nc4 15. Rxe6 Rxe6 16. Qxc4 Qe8 17. Nd5 Re4 18. Qxc7 Bxb2 19. Qxb7 Ba3 20. Nc7 Rb8 21. Nxe8 Rxb7 22. Rd8 Bf8 23. Bd6 Rb1+ 24. Kh2 Rd1 25. Nf6+ gxf6 26. Rxf8+ Kg7 27. Rd8 Rc1 28. Rc8 h5 29. Kg3 Ra4 30. Bf8+ Kh7 31. Rc7 Rxa2 32. c4 Rac2 33. c5 a5 34. Rxf7+ Kg8 35. Rxf6 a4 36. Ra6 Kxf8 37. Rxa4 Rxc5 38. Rf4+ Ke7 39. Re4+ Kd8 40. Rd4+ Kc7 41. Re4 R1c2 42. Re5 Kd6 43. Rxc5 Rxc5 44. Kh4 Rc2 45. Ng5 Ke5 46. Kxh5 Rxf2 47. g4 Rf8 48. Kg6 Rg8+ 49. Kh6 Kf4 50. Ne6+ Ke5 51. Ng5 Kf6 52. Nh7+ Kf7 53. Ng5+ Kf8 54. h4 Rh8+ 55. Kg6 Rxh4 56. Nh7+ Kg8 57. Nf6+ Kh8 58. g5 Rf4 59. Kf7 Rf1 60. g6 Rg1 61. Nh5 Rg5 62. g7+ Kh7 63. Nf6+ Kh6 64. g8Q Rxg8 65. Nxg8+ 1/2-1/2

[Event "Titled Tuesday intern op 02nd Apr Early"]
[Site "Chess.com INT"]
[Date "2024.04.02"]
[Round "6"]
[White "Manukian, Artak"]
[Black "Rakotomaharo, Fy Antenaina"]
[Result "0-1"]
[WhiteElo "2196"]
[BlackElo "2448"]
[PlyCount "78"]
[EventDate "2024.04.02"]
[EventType "swiss (blitz)"]
[EventRounds "11"]
[EventCountry "USA"]
[SourceTitle "CB15_2024"]
[SourceDate "2024.04.10"]
[SourceVersion "1"]
[SourceVersionDate "2024.04.10"]
[SourceQuality "1"]

1. e4 c5 2. Nf3 e6 3. c3 Nf6 4. e5 Nd5 5. d4 cxd4 6. cxd4 d6 7. Nc3 Nxc3 8. bxc3 Qc7 9. Bd2 Nd7 10. Bb5 a6 11. Bxd7+ Bxd7 12. 0-0 Be7 13. Re1 0-0 14. Bg5 Bc6 15. Bxe7 Qxe7 16. exd6 Qxd6 17. Ne5 Rac8 18. Re3 Bd5 19. Rg3 f6 20. Ng4 Kh8 21. h4 Qf4 22. Qc1 Qxc1+ 23. Rxc1 Bxa2 24. h5 h6 25. Ne3 Rc7 26. Nd1 Rfc8 27. f4 Bc4 28. Nb2 Be2 29. Kf2 Bxh5 30. Na4 Rc6 31. Re3 Bg4 32. Nc5 R8c7 33. Rce1 Kg8 34. Nxe6 Bxe6 35. Rxe6 Rxc3 36. d5 Rd3 37. d6 Rd7 38. Re8+ Kh7 39. R1e7 R3xd6 0-1

[Event "Titled Tuesday intern op 02nd Apr Early"]
[Site "Chess.com INT"]
[Date "2024.04.02"]
[Round "8"]
[White "Rakotomaharo, Fy Antenaina"]
[Black "Lehtosaari, Mauri"]
[Result "1-0"]
[WhiteElo "2448"]
[BlackElo "2149"]
[PlyCount "59"]
[EventDate "2024.04.02"]
[EventType "swiss (blitz)"]
[EventRounds "11"]
[EventCountry "USA"]
[SourceTitle "CB15_2024"]
[SourceDate "2024.04.10"]
[SourceVersion "1"]
[SourceVersionDate "2024.04.10"]
[SourceQuality "1"]

1. e4 c5 2. a4 Nc6 3. Bb5 Nd4 4. c3 Nxb5 5. axb5 b6 6. d4 Bb7 7. d5 g6 8. Nf3 Bg7 9. 0-0 Nf6 10. Re1 0-0 11. c4 d6 12. Nc3 e5 13. Bg5 h6 14. Bd2 Ne8 15. Ra3 f5 16. Qa1 Qb8 17. Qa2 Nf6 18. exf5 gxf5 19. Ra1 Ne4 20. Be1 Qc7 21. Nxe4 fxe4 22. Nd2 Qf7 23. Nxe4 Qf4 24. Nxd6 Bc8 25. Rf3 Qg4 26. Rxf8+ Bxf8 27. Nxc8 Rxc8 28. Qxa7 Qxc4 29. Qxb6 Qe4 30. Qe6+ 1-0

[Event "Africa-chT rapid 13th"]
[Site "Accra"]
[Date "2024.03.09"]
[Round "4.7"]
[White "Rakotomaharo, Fy Antenaina"]
[Black "Pereira, Sergio"]
[Result "1-0"]
[WhiteElo "2454"]
[BlackElo "2017"]
[PlyCount "49"]
[EventDate "2024.03.09"]
[EventType "team-swiss (rapid)"]
[EventRounds "6"]
[EventCountry "GHA"]
[SourceTitle "CB11_2024"]
[SourceDate "2024.03.13"]
[SourceVersion "1"]
[SourceVersionDate "2024.03.13"]
[SourceQuality "1"]
[WhiteTeam "Madagascar"]
[BlackTeam "Sao Tome and Principe"]
[WhiteTeamCountry "MAD"]
[BlackTeamCountry "SAO"]

1. Nf3 d5 2. e3 Nf6 3. c4 e6 4. Nc3 dxc4 5. Bxc4 a6 6. a4 Be7 7. d4 c5 8. 0-0 cxd4 9. exd4 0-0 10. Qe2 Nc6 11. Rd1 Nb4 12. Ne5 Nbd5 13. Rd3 Qc7 14. Rg3 Kh8 15. Bg5 b6 16. Bxd5 exd5 17. Bxf6 Bxf6 18. Nxd5 Qd6 19. Nxf6 Qxf6 20. Rf3 Qe6 21. d5 Qxd5 22. Rd1 Qa2 23. Nxf7+ Kg8 24. Nh6+ gxh6 25. Rg3+ 1-0

[Event "Titled Tuesday intern op 26th Sep Early"]
[Site "Chess.com INT"]
[Date "2023.09.26"]
[Round "6"]
[White "Rakotomaharo, Fy Antenaina"]
[Black "Hristodoulou, Panagiotis"]
[Result "1-0"]
[WhiteElo "2454"]
[BlackElo "2358"]
[PlyCount "151"]
[EventDate "2023.09.26"]
[EventType "swiss (blitz)"]
[EventRounds "11"]
[EventCountry "USA"]
[SourceTitle "EXT 2024"]
[Source "ChessBase"]
[SourceDate "2023.10.10"]
[SourceVersion "1"]
[SourceVersionDate "2023.10.10"]
[SourceQuality "1"]

1. Nf3 Nf6 2. c4 e6 3. Nc3 d5 4. e3 b6 5. b3 Bb7 6. Bb2 Nbd7 7. cxd5 exd5 8. d4 a6 9. Bd3 Bd6 10. 0-0 0-0 11. Qc2 Qe7 12. Rac1 Rfe8 13. Ne2 Ne4 14. Ng3 g6 15. Ne5 Nxg3 16. hxg3 Rac8 17. Nc6 Qf6 18. Rfe1 h5 19. e4 dxe4 20. Bxe4 Qg5 21. Ne7+ Rxe7 22. Bxb7 Rce8 23. Rxe7 Rxe7 24. Bxa6 Nf6 25. d5 Nxd5 26. Qc6 Nf6 27. Rd1 Be5 28. Bxe5 Qxe5 29. Bc4 Kg7 30. a4 Ng4 31. Qf3 Qf6 32. Qxf6+ Kxf6 33. b4 Ne5 34. Bf1 Nc6 35. Rb1 Re4 36. b5 Ne5 37. Rc1 Rxa4 38. Rxc7 Ra1 39. f3 Nd3 40. Rc6+ Ke5 41. Rxb6 Nb4 42. Kf2 Ra2+ 43. Kg1 Nd5 44. Rb8 Ra1 45. Kf2 Ra2+ 46. Ke1 Kd4 47. Rd8 Ra1+ 48. Kf2 Ra2+ 49. Ke1 Ra1+ 50. Kf2 Ra2+ 51. Be2 Kc5 52. Rc8+ Kd4 53. Rc4+ Ke5 54. Ke1 Rb2 55. Re4+ Kd6 56. Rd4 Ke5 57. Rd2 Rb1+ 58. Kf2 Nc3 59. f4+ Kf6 60. Bf3 Nxb5 61. Rc2 Nd4 62. Ra2 Rc1 63. Ra6+ Kg7 64. Ke3 Nf5+ 65. Kf2 Rc2+ 66. Kg1 Nxg3 67. Ra7 Nf5 68. Bd5 Nd6 69. Rd7 Nf5 70. Rxf7+ Kh6 71. Ra7 h4 72. Bg8 Kh5 73. Bd5 g5 74. Bf3+ g4 75. Be4 Ng3 76. Bxc2 1-0

[Event "AI Cup Play In"]
[Site "Chess.com INT"]
[Date "2023.09.18"]
[Round "6"]
[White "Potkin, Vladimir"]
[Black "Rakotomaharo, Fy Antenaina"]
[Result "1/2-1/2"]
[WhiteElo "2564"]
[BlackElo "2454"]
[PlyCount "131"]
[EventDate "2023.09.18"]
[EventType "swiss (rapid)"]
[EventRounds "9"]
[EventCountry "USA"]
[SourceTitle "EXT 2024"]
[Source "ChessBase"]
[SourceDate "2023.10.10"]
[SourceVersion "1"]
[SourceVersionDate "2023.10.10"]
[SourceQuality "1"]

1. Nf3 Nf6 2. c4 e6 3. Nc3 d5 4. e3 dxc4 5. Bxc4 a6 6. 0-0 b5 7. Bb3 Bb7 8. d4 c5 9. e4 cxd4 10. Nxd4 Bc5 11. Be3 Nbd7 12. Rc1 0-0 13. e5 Nxe5 14. Nxe6 Qxd1 15. Rcxd1 Bxe3 16. Nxf8 Ba7 17. Rfe1 Nfg4 18. Re2 Kxf8 19. Bd5 Bxd5 20. Rxd5 f6 21. Ne4 Rc8 22. g3 Nf3+ 23. Kg2 Nge5 24. Nd2 Nxd2 25. Rexd2 Bb6 26. b3 Rc1 27. f4 Ng4 28. Rd6 Be3 29. Re2 Bc5 30. Rxa6 g5 31. fxg5 fxg5 32. Kf3 h5 33. Rc6 Rf1+ 34. Ke4 Ba3 35. Rg6 Be7 36. a4 bxa4 37. bxa4 Ra1 38. Ra6 Kf7 39. a5 Bb4 40. Ra7+ Ke6 41. a6 Ra4 42. Kd3+ Kd6 43. Ra8 Bc5 44. Kc3 Kc6 45. Rc8+ Kb5 46. Rb2+ Kxa6 47. Rxc5 Ra3+ 48. Rb3 Ra2 49. Rxg5 Rxh2 50. Kd4 Rd2+ 51. Ke4 Rd8 52. Rxh5 Nf6+ 53. Kf5 Nxh5 54. g4 Ng7+ 55. Kf6 Ne8+ 56. Ke7 Rc8 57. g5 Ng7 58. g6 Nf5+ 59. Kf6 Rf8+ 60. Kg5 Ne7 61. g7 Rf1 62. Re3 Rg1+ 63. Kf6 Nd5+ 64. Kf7 Nxe3 65. g8Q Rxg8 66. Kxg8 1/2-1/2

[Event "Arad op 16th"]
[Site "Arad"]
[Date "2023.08.09"]
[Round "4"]
[White "Rakotomaharo, Fy Antenaina"]
[Black "Chigaev, Maksim"]
[Result "0-1"]
[WhiteElo "2464"]
[BlackElo "2616"]
[PlyCount "68"]
[EventDate "2023.08.07"]
[EventType "swiss"]
[EventRounds "9"]
[EventCountry "ROU"]
[SourceTitle "EXT 2024"]
[Source "ChessBase"]
[SourceDate "2023.10.10"]
[SourceVersion "1"]
[SourceVersionDate "2023.10.10"]
[SourceQuality "1"]

1. e4 c5 2. Nf3 e6 3. d4 cxd4 4. Nxd4 Nc6 5. a3 Nf6 6. Nc3 d6 7. f4 Be7 8. Be3 0-0 9. Qf3 Nxd4 10. Bxd4 e5 11. Be3 Bg4 12. Qf2 d5 13. fxe5 Nxe4 14. Nxe4 dxe4 15. c3 Qd5 16. Bd4 Qb3 17. h3 Be6 18. Be2 Qxb2 19. 0-0 Qd2 20. Bg4 Qxf2+ 21. Kxf2 Bd5 22. Kg3 g6 23. h4 h5 24. Bh3 a6 25. a4 Bc6 26. Rab1 Rad8 27. Rb6 Rd5 28. Kf4 Bc5 29. Rxc6 bxc6 30. Kxe4 Bxd4 31. cxd4 Rfd8 32. Rf6 Rxd4+ 33. Ke3 Rxa4 34. e6 Rf8 0-1

[Event "Titled Tuesday intern op 08th Aug Late"]
[Site "Chess.com INT"]
[Date "2023.08.08"]
[Round "8"]
[White "Rakotomaharo, Fy Antenaina"]
[Black "Rasulov, Vugar Ural Oglu"]
[Result "0-1"]
[WhiteElo "2464"]
[BlackElo "2549"]
[PlyCount "44"]
[EventDate "2023.08.08"]
[EventType "swiss (blitz)"]
[EventRounds "11"]
[EventCountry "USA"]
[SourceTitle "EXT 2024"]
[Source "ChessBase"]
[SourceDate "2023.10.10"]
[SourceVersion "1"]
[SourceVersionDate "2023.10.10"]
[SourceQuality "1"]

1. Nf3 b6 2. c4 Bb7 3. Nc3 Nf6 4. g3 Bxf3 5. exf3 c5 6. Bg2 Nc6 7. 0-0 Rc8 8. f4 e6 9. b3 Be7 10. Bb2 0-0 11. Re1 Re8 12. Ne2 d5 13. d4 dxc4 14. bxc4 cxd4 15. Qa4 Na5 16. Nxd4 Rxc4 17. Qd1 Bb4 18. Re2 Bc3 19. Bxc3 Rxc3 20. Nb5 Rd3 21. Qc2 Qd7 22. Nxa7 Rd6 0-1

[Event "Timisoara Foisor Memorial Rapid"]
[Site "Timisoara"]
[Date "2023.08.06"]
[Round "6"]
[White "Bulau, Andrei Cristian"]
[Black "Rakotomaharo, Fy Antenaina"]
[Result "1/2-1/2"]
[WhiteElo "2164"]
[BlackElo "2464"]
[PlyCount "158"]
[EventDate "2023.08.05"]
[EventType "swiss (rapid)"]
[EventRounds "10"]
[EventCountry "ROU"]
[SourceTitle "CBM 215 Extra"]
[Source "ChessBase"]
[SourceDate "2023.09.30"]
[SourceVersion "1"]
[SourceVersionDate "2023.09.30"]
[SourceQuality "1"]

1. d4 d5 2. c4 e6 3. Nc3 Bb4 4. cxd5 exd5 5. Nf3 Nf6 6. Qc2 0-0 7. Bf4 c5 8. dxc5 Ne4 9. e3 Nd7 10. c6 bxc6 11. Bd3 Ndc5 12. 0-0 Bxc3 13. bxc3 Qa5 14. Ne5 Nxd3 15. Qxd3 Ba6 16. c4 Rac8 17. Rfc1 f6 18. Nf3 Rfe8 19. Nd4 Bxc4 20. Qc2 Qd8 21. Qa4 Qd7 22. f3 Nc5 23. Qa3 Nd3 24. Rc3 Nxf4 25. exf4 c5 26. Nb3 Qd6 27. Na5 Bb5 28. Nb3 Qxf4 29. Nxc5 Qd4+ 30. Kh1 Re3 31. Rac1 Rxc3 32. Qxc3 Qf4 33. Rd1 Bc4 34. Ne6 Qe5 35. Nd4 Rb8 36. h3 Re8 37. Qa5 Qe7 38. Rb1 a6 39. Rd1 h6 40. Qd2 Qe3 41. Qb4 Bxa2 42. Qd6 Bc4 43. Nf5 Qe6 44. Qf4 g5 45. Qg4 Kh7 46. Qh5 Qxf5 47. Qxe8 Qg6 48. Qe7+ Qg7 49. Qd6 Kg6 50. Re1 Qb7 51. Qd8 h5 52. Re8 h4 53. Rg8+ Kf5 54. Rf8 Qb1+ 55. Kh2 Qb2 56. Qd7+ Kf4 57. Qd6+ Ke3 58. Rxf6 d4 59. Qe5+ Kf2 60. Qxg5 Kf1 61. Rf4 Be2 62. Qxh4 d3 63. Rb4 Qc2 64. Qd4 Ke1 65. Rb2 Qxb2 66. Qxb2 d2 67. Qc3 Bb5 68. h4 Ke2 69. Qe5+ Kf2 70. Qd4+ Ke2 71. Qe4+ Kf2 72. Qc2 Ke1 73. Qc3 Ke2 74. Qe5+ Kf2 75. Qd4+ Ke2 76. Qe5+ Kf2 77. Qc5+ Ke2 78. Qe5+ Kf2 79. Qd4+ Ke2 1/2-1/2

[Event "Timisoara Foisor Memorial Rapid"]
[Site "Timisoara"]
[Date "2023.08.06"]
[Round "8"]
[White "Moroni, Luca Jr"]
[Black "Rakotomaharo, Fy Antenaina"]
[Result "1-0"]
[WhiteElo "2573"]
[BlackElo "2464"]
[PlyCount "75"]
[EventDate "2023.08.05"]
[EventType "swiss (rapid)"]
[EventRounds "10"]
[EventCountry "ROU"]
[SourceTitle "CBM 215 Extra"]
[Source "ChessBase"]
[SourceDate "2023.09.30"]
[SourceVersion "1"]
[SourceVersionDate "2023.09.30"]
[SourceQuality "1"]

1. d4 d5 2. Nf3 Nf6 3. c3 Bf5 4. Qb3 Qc8 5. c4 e6 6. Nc3 c6 7. cxd5 exd5 8. Bf4 Nbd7 9. h3 Be7 10. Rc1 a6 11. e3 0-0 12. Be2 b5 13. 0-0 Qb7 14. Qd1 a5 15. a4 b4 16. Nb1 Ne4 17. Ne5 Nxe5 18. Bxe5 Rfc8 19. Nd2 Nxd2 20. Qxd2 b3 21. Bd3 Bxd3 22. Qxd3 Ra6 23. Rc3 Rb6 24. Rfc1 Rb4 25. Ra1 Ra8 26. Ra3 Ra6 27. Raxb3 f6 28. Bf4 Qa8 29. e4 dxe4 30. Qxe4 Bf8 31. Rxb4 axb4 32. Rc4 b3 33. Rc3 Rxa4 34. Qe6+ Kh8 35. Rxc6 Ra1+ 36. Kh2 Re1 37. Rc8 Rxe6 38. Rxa8 1-0

[Event "Bastia op"]
[Site "Bastia"]
[Date "2023.07.10"]
[Round "6"]
[White "Carnicelli, Valerio"]
[Black "Rakotomaharo, Fy Antenaina"]
[Result "0-1"]
[WhiteElo "2344"]
[BlackElo "2463"]
[PlyCount "84"]
[EventDate "2023.07.09"]
[EventType "swiss"]
[EventRounds "9"]
[EventCountry "FRA"]
[SourceTitle "CBM 215 Extra"]
[Source "ChessBase"]
[SourceDate "2023.09.30"]
[SourceVersion "1"]
[SourceVersionDate "2023.09.30"]
[SourceQuality "1"]

1. e4 e5 2. Nf3 Nf6 3. Nc3 Nc6 4. d4 exd4 5. Nxd4 Bc5 6. Nxc6 bxc6 7. Bd3 0-0 8. 0-0 Re8 9. Qf3 d6 10. h3 h6 11. Ne2 Nd7 12. Qg3 Qf6 13. Nf4 Ne5 14. Nh5 Qg6 15. Qxg6 fxg6 16. Ng3 Rf8 17. Bd2 Bxh3 18. gxh3 Nf3+ 19. Kg2 Nxd2 20. f3 Nxf1 21. Rxf1 Bd4 22. b3 Be5 23. Ne2 g5 24. Bc4+ Kh7 25. Nc1 a5 26. a4 Rad8 27. Nd3 Bc3 28. Nf2 d5 29. Bd3 g6 30. Rh1 Kg7 31. h4 gxh4 32. Rxh4 h5 33. Rh3 Be5 34. Rh1 Rf6 35. Nh3 Rdf8 36. Rf1 Kh6 37. exd5 cxd5 38. Be2 g5 39. Nf2 Bd4 40. Nd3 g4 41. f4 c5 42. Rh1 c4 0-1

[Event "Bastia op"]
[Site "Bastia"]
[Date "2023.07.09"]
[Round "4"]
[White "Anwesh, Upadhyaya"]
[Black "Rakotomaharo, Fy Antenaina"]
[Result "1-0"]
[WhiteElo "2356"]
[BlackElo "2463"]
[PlyCount "83"]
[EventDate "2023.07.09"]
[EventType "swiss"]
[EventRounds "9"]
[EventCountry "FRA"]
[SourceTitle "CBM 215 Extra"]
[Source "ChessBase"]
[SourceDate "2023.09.30"]
[SourceVersion "1"]
[SourceVersionDate "2023.09.30"]
[SourceQuality "1"]

1. e4 c5 2. Nc3 e6 3. Nge2 Nc6 4. d4 cxd4 5. Nxd4 Nf6 6. Ndb5 Bc5 7. Nd6+ Ke7 8. Nxc8+ Rxc8 9. Be2 Qc7 10. 0-0 h5 11. Bg5 Kf8 12. Qd2 Bb4 13. f3 h4 14. Rad1 Bc5+ 15. Be3 Ne5 16. Na4 Bxe3+ 17. Qxe3 d5 18. exd5 Nxd5 19. Qxa7 g5 20. c4 Nf4 21. Qe3 h3 22. g3 Nxe2+ 23. Qxe2 Nxc4 24. b3 b5 25. Nc3 Qb6+ 26. Qf2 Qxf2+ 27. Rxf2 Na3 28. Ne4 Rg8 29. Rfd2 g4 30. Nf6 Rg6 31. Nxg4 Kg7 32. Ne5 Rf6 33. f4 Rf5 34. Kf2 f6 35. Rd7+ Kg8 36. Ng6 Rc2+ 37. Kf3 Rfc5 38. Ra7 R5c3+ 39. Kg4 Rc7 40. Rd7 Rxd7 41. Rxd7 Rxh2 42. Kh5 1-0

[Event "Purtichju op"]
[Site "Purtichju"]
[Date "2023.07.02"]
[Round "3"]
[White "Tarhan, Adar"]
[Black "Rakotomaharo, Fy Antenaina"]
[Result "1/2-1/2"]
[WhiteElo "2347"]
[BlackElo "2463"]
[PlyCount "137"]
[EventDate "2023.07.01"]
[EventType "swiss"]
[EventRounds "9"]
[EventCountry "FRA"]
[SourceTitle "CBM 215 Extra"]
[Source "ChessBase"]
[SourceDate "2023.09.30"]
[SourceVersion "1"]
[SourceVersionDate "2023.09.30"]
[SourceQuality "1"]

1. d4 Nf6 2. c4 g6 3. f3 d5 4. cxd5 Nxd5 5. e4 Nb6 6. Nc3 Bg7 7. Be3 0-0 8. Qd2 Nc6 9. 0-0-0 Qd6 10. Nb5 Qd7 11. Bh6 a6 12. Bxg7 Kxg7 13. Nc3 e5 14. d5 Nd4 15. h4 f6 16. g4 h6 17. Nge2 c5 18. dxc6 Nxc6 19. Qe3 Qc7 20. Kb1 Be6 21. h5 g5 22. Nd5 Nxd5 23. exd5 Nb4 24. Qe4 Nxd5 25. Rxd5 Bxd5 26. Qxd5 Rfd8 27. Qb3 Rd2 28. Nc3 Rad8 29. Bc4 b5 30. Be6 R8d3 31. Bf5 Rxf3 32. Rd1 Rd4 33. Nxb5 Rxb3 34. Nxc7 Rxd1+ 35. Kc2 Rb7 36. Ne6+ Kf7 37. Kxd1 Rxb2 38. Nc5 Ke7 39. Nxa6 Rxa2 40. Nb4 Ra1+ 41. Ke2 Kd6 42. Nc2 Ra4 43. Ne3 e4 44. Bg6 Ra2+ 45. Kd1 Ke5 46. Nf5 Kf4 47. Nxh6 Rh2 48. Ng8 e3 49. Nxf6 Kf3 50. Be4+ Kf2 51. Bd3 Rh1+ 52. Kc2 e2 53. Bxe2 Kxe2 54. Ne4 Kf3 55. Nxg5+ Kxg4 56. Ne4 Rh2+ 57. Kd3 Kxh5 58. Kd4 Kg4 59. Ke5 Re2 60. Kd4 Kf4 61. Nc3 Rd2+ 62. Kc4 Ke5 63. Nb5 Rd8 64. Nc3 Rd4+ 65. Kc5 Rh4 66. Nb5 Rh1 67. Nc3 Rc1 68. Kc4 Rxc3+ 69. Kxc3 1/2-1/2